000 00971cam a2200289 i 4500
001 bg
003 KOSZ 005
005 20200803135640.0
008 981030s1987 pl a f f |001 0 pol
015 _aPB 1987/4069
020 _a8301018100
020 _a8301018119
040 _aWA N
_cKOSZ 005/HR
_dKOSZ 005/HR
080 _a51
080 _a(075.8)
100 1 _aDziubiński, Izydor
_d(1929-2014)
_eAutor
245 1 0 _aMatematyka dla wyższych szkół technicznych.
_nT. 1 /
_cIzydor Dziubiński, Lucjan Siewierski.
250 _aWyd. 2 popr., [dodr.].
260 _aWarszawa :
_bPańst. Wydaw. Naukowe,
_c1987.
300 _a470, [1] s. :
_brys., wykr. ;
_c24 cm.
504 _aIndeks.
650 4 _aMatematyka
_xszkoły wyższe.
655 4 _aPodręczniki akademickie
700 1 _aSiewierski, Lucjan
_eAutor
856 _uhttp://koha.tu.koszalin.pl/cgi-bin/koha/opac-detail.pl?biblionumber=4619
_yKatalog online BPK
942 _2UKD
_cKS
999 _c4619
_d4619